World's Largest Companies by Country/State Quiz Stats

 Plays Quiz not verified by Sporcle

Support Sporcle.
Go Orange.
Score 0/50 Timer 05:00
0 Plays Today
Industry Country or US State % Correct
United StatesWal-Mart Stores
80.1%
JapanToyota
77.5%
United KingdomBP
74.9%
United StatesExxon Mobil
73.3%
TexasExxon Mobil
73.3%
CaliforniaApple
67%
France-BeNeLuxRoyal Dutch Shell
65.4%
JapanHonda
57.1%
GermanyVolkswagen
55.5%
United StatesBank of America
53.9%
South KoreaSamsung
52.9%
New YorkJ.P. Morgan Chase & Co.
49.2%
GermanyDaimler
48.7%
South KoreaHyundai Motor
47.6%
TexasChevron
46.1%
United StatesChevron
46.1%
SwitzerlandNestle
40.3%
New YorkVerizon
38.2%
TexasAT&T
36.6%
New YorkCitigroup
33.5%
United StatesGeneral Electric
29.3%
CaliforniaWells Fargo
27.7%
United KingdomHSBC Holdings
27.2%
New YorkIBM
26.2%
South KoreaLG
25.7%
Industry Country or US State % Correct
France-BeNeLuxTotal
22.5%
CaliforniaWalt Disney Co.
22.5%
France-BeNeLuxBNP Paribas
18.8%
TexasConocoPhillips
18.3%
France-BeNeLuxING Group
18.3%
United KingdomLloyds Banking Group
17.3%
CaliforniaHewlett-Packard
16.8%
GermanyAllianz
15.7%
United KingdomRoyal Bank of Scotland
15.2%
New YorkAmerican International Group
14.1%
SwitzerlandCredit Suisse
14.1%
SwitzerlandNovartis
11.5%
GermanySiemens
11%
SwitzerlandRoche Group
8.9%
GermanyE.ON
8.4%
TexasValero Energy
8.4%
JapanHitachi
7.3%
SwitzerlandZurich Financial Services
6.8%
France-BeNeLuxAXA
5.2%
South KoreaPOSCO
4.2%
JapanNippon Telegraph & Telephone
3.7%
South KoreaSK Holdings
3.7%
JapanJapan Post Holdings
2.1%
CaliforniaMcKesson
2.1%
United KingdomAviva
0.5%

You're not logged in!

Compare scores with friends on all Sporcle quizzes.
OR
Log In

From the Vault

Songs Missing Half a Word

by MSUKent

Whoops. Did the record skip?
Remove Ads.
Support Sporcle.
Get the best of Sporcle when you Go Orange. This ad-free experience offers more features, more stats, and more fun while also helping to support Sporcle. Thank you for becoming a member.

Show Comments

Extras

Top Quizzes Today


Score Distribution

Your Account Isn't Verified!

In order to create a playlist on Sporcle, you need to verify the email address you used during registration. Go to your Sporcle Settings to finish the process.

Report this User

Report this user for behavior that violates our Community Guidelines.

Details: